Optimalizácia podmienok pre prestup tepla pri vákuovom odparovaní olejov c Dušan Konečný

Gespeichert in:
Bibliographische Detailangaben
1. Verfasser: Konečný, Dušan
Format: Buch
Sprache:Slowakisch
Veröffentlicht: Bratislava STU FCHPT 2009
Online-Zugang:Im OPAC anzeigen
Tags: Tag hinzufügen
Keine Tags, Fügen Sie das erste Tag hinzu!

MARC

LEADER 00000nam a2200000 a 4500
005 20260127134230.0
008 091210 2009 xo 000 0 slo d
035 |a vtls010030379 
039 9 |a 200912100934  |b mschk03  |y 200912100924  |z mschk03 
040 |a STUSCHK1  |b slo  |c STUSCHK1  |e AACR2 
100 1 |a Konečný, Dušan 
245 1 |a Optimalizácia podmienok pre prestup tepla pri vákuovom odparovaní olejov c Dušan Konečný 
260 |a Bratislava  |b STU FCHPT  |c 2009 
300 |a 61 s.  |b il.  |c 30cm 
500 |a Obháj.: 
500 |a Študijný program: chemické inžinierstvo a riadenie procesov 
500 |a Zameranie: chemické inžinierstvo 
500 |a Miesto vypracovania: Oddelenie chemického a biochemického inžinierstva, FCHPT STU 
500 |a Študijný odbor: 5.2.17 chemické inžinierstvo 
500 |a Diplomová práca 
910 |a SCHK95 
999 |c 7365  |d 7365